| 000 | 00778nam a2200229 a 4500 | ||
|---|---|---|---|
| 001 | 42833 | ||
| 003 | BD-RJUL | ||
| 005 | 20211209053612.0 | ||
| 008 | 160616s1979 enka 000 0 eng d | ||
| 035 | _a(BD-RjUL)42951 | ||
| 040 |
_aBD-RjUL _beng _cBD-RjUL |
||
| 041 | _aeng | ||
| 082 |
_223 _a330 _bSTW 1979 |
||
| 100 | 1 |
_aStilwell, John A. _9131610 |
|
| 245 | 1 | 0 |
_aWorkbook : _bto accompany the fifth edition of 'An introduction to positive economics' / _cJ.A. Stilwell, R.G. Lipsey and R. Clarke. |
| 260 |
_aLondon : _bWeidenfeld & Nicolson, _cc1979. |
||
| 300 |
_avii, 322 p. : _bill. ; _c29 cm. |
||
| 650 | 0 |
_aEconomics _xProblems, exercises, etc. _9130507 |
|
| 700 | 1 |
_aLipsey, Richard G., _d1928- _9131422 |
|
| 700 | 1 |
_aClarke, Rosemary, _d1933- _9131611 |
|
| 942 |
_2ddc _cBK |
||
| 999 |
_c42833 _d42833 |
||